000 00567nam a2200181Ia 4500
008 100920s9999 xx 000 0 und d
082 _b59010
_a891.43 0
100 _aसंपा.पण्डित राम.
245 _aरूपान्तर.
260 _bकर्वे प्रभाकर त्र्यंबक ,मुंबई.
_c0
300 _a121
_bसाधी
365 _b20
520 _aहिंदी.
630 _aरूपान्तर.
650 _aहिंदी.
730 _aरूपान्तर.
942 _cBOOK
999 _c702502
_d702499